01715cam a2200385 a 4500001002300000003000700023005001700030007000700047008004100054010001700095040004000112020001500152020001800167035001900185042000900204050002300213082001400236100002200250245009500272250001200367260004500379300002100424520022100445650002500666650003000691650003600721651002400757856009600781856010000877029002200977942000700999506015001006506015401156999001901310withfacelikemine00bermCaSfIA20210119123202.0cr||||810708s1981 nyu j 000 1 eng  a 80070417  aDLCcDLCdOCLdBAKERdBTCTAdCaSfIA a087777062X a9780877770626 a(OCoLC)7557987 alcac00aPZ7.B4542bWi 198100a[Fic]2191 aBerman, Sharon L.10aWith a face like mine you need personality /h[electronic resource] cby Sharon L. Berman. a1st ed. aNew York :bR.W. Baron Pub. Co.,cc1981. a188 p. ;c21 cm. aAlthough Raina-Anne hates her name, her appearance, her widowed father's new girl friend, and her boring life in a small Tennessee town, circumstances improve when she becomes best friends with sophisticated Arielle. 1aFriendshipvFiction. 1aSelf-acceptancevFiction. 1aFathers and daughtersvFiction. 1aTennesseevFiction.41uhttp://www.archive.org/details/withfacelikemine00bermzFree eBook from the Internet Archive42uhttp://www.openlibrary.org/books/OL4123088MzAdditional information and access via Open Library1 aAU@b000005122962 cEB fНеобхідна авторизація на https://archive.org/ (створення облікового запису безкоштовно) fНеобхідна авторизація на https://openlibrary.org/ (створення облікового запису безкоштовно) c566889d566889